Actas de la comisión mista de senadores i diputados: encargada de informar sobre los proyectos de códigos de procedimiento civil i criminal

Kaydedildi:
Detaylı Bibliyografya
Materyal Türü: Kitap
Dil:İspanyolca
Baskı/Yayın Bilgisi: Santiago Imprenta Nacional 1901
Konular:
Etiketler: Etiketle
Etiket eklenmemiş, İlk siz ekleyin!

MARC

LEADER 00000cam a2200000 a 4500
001 UCS1058
003 CL-VaPUC
008 970509e19010000CL |||||||||||||||||spa|d
082 0 4 |a 347.83  |b ACT  |2 21 
245 1 0 |a Actas de la comisión mista de senadores i diputados: encargada de informar sobre los proyectos de códigos de procedimiento civil i criminal 
300 |a 376 p 
942 |c BK 
945 |d 19970509 00:00:00  |a cmena 
260 |a Santiago  |b Imprenta Nacional  |c 1901 
650 0 |a Derecho procesal civil  |9 258071 
650 0 |a Derecho civil  |9 255013 
650 0 |a Derecho procesal penal   |9 256392 
650 7 |a DERECHO PENAL  |2 CL-VaPUC  |9 11 
650 7 |a COMISIONES LEGISLATIVAS  |2 CL-VaPUC  |9 382673 
651 7 |a CHILE  |2 CL-VaPUC  |9 385091 
583 |a last modification  |c 20131009 09:24:26  |k Rodrigo Vera 
999 |c 259169  |d 259167 
952 |0 0  |1 0  |2 ddc  |4 0  |5 1  |6 347_830000000000000_ACT_1901  |7 1  |8 C_LRYV  |9 283763  |a FDOBRV  |b BIBDER  |d 2019-11-19  |i 1842323  |o 347.83 ACT 1901  |p 1842323  |r 2023-01-25  |w 2019-11-19  |y BK_X  |k BRV 
952 |0 0  |1 0  |2 ddc  |3 erd  |4 0  |5 1  |6 347_830000000000000_ACT_1901  |7 1  |8 C_LRYV  |9 283764  |a FDOBRV  |b BIBDER  |d 2019-11-19  |i 5020379  |o 347.83 ACT 1901  |p 5020379  |r 2023-01-25  |w 2019-11-19  |y BK_X  |z Catalogado en:20131011  |k BRV